Every Main Geometry Dash Level - Statistics

General Stats
  • This quiz has been taken 75 times
  • The average score is 22 of 26
Answer Stats
Rating Answer % Correct
Hard Base After Base
98%
Harder Time Machine
98%
Insane xStep
98%
Easy Back On Track
97%
Easy Stereo Madness
97%
Insane Theory of Everything
97%
Insane Clutterfunk
95%
Harder Cycles
95%
Harder Jumper
95%
Demon Theory of Everything 2
95%
Hard Can't Let Go
94%
Demon Clubstep
94%
Insane Dash
92%
Normal Dry Out
92%
Insane Electroman Adventures
92%
Insane Fingerdash
92%
Normal Polargeist
92%
Demon Deadlocked
89%
Insane Hexagon Force
89%
Harder Blast Processing
87%
Insane Electrodynamix
87%
Harder Geometrical Dominator
84%
Normal The Tower
48%
Hard The Sewers
37%
Harder The Cellar
32%
Harder The Secret Hollow
26%
No matching quizzes found
Score Distribution
Percent of People with Each Score
Percentile by Number Answered
Your Score History
You have not taken this quiz